Summer Olympics Sports By Symbol - Statistics

General Stats
  • This quiz has been taken 37 times
  • The average score is 31 of 51
Answer Stats
Picture Answer % Correct
Cycling Road
97%
Baseball Softball
94%
Rowing
94%
Surfing
91%
Volleyball
91%
Badminton
88%
Golf
88%
Shooting
88%
Basketball
85%
Boxing
85%
Cricket
85%
Diving
85%
Swimming
85%
Wrestling
85%
Fencing
82%
Karate
82%
Skateboarding
82%
Artistic Swimming
79%
Sport Climbing
79%
Tennis
79%
Water Polo
79%
Archery
76%
Equestrian
76%
Hockey
76%
Football
74%
Weightlifting
74%
Handball
68%
Judo
68%
Table Tennis
68%
Athletics
65%
Beach Volleyball
65%
Rugby Sevens
65%
Taekwondo
65%
Lacrosse
62%
Triathlon
62%
Sailing
47%
Artistic Gymnastics
44%
Modern Pentathlon
41%
Squash
38%
Flag Football
32%
Rhythmic Gymnastics
32%
Trampoline
32%
Basketball 3x3
18%
Breaking
15%
Cycling Mountain Bike
12%
Cycling Track
9%
Canoe Slalom
6%
Cycling BMX Racing
6%
Marathon Swimming
6%
Canoe Sprint
3%
Cycling BMX Freestyle
3%
No matching quizzes found
Score Distribution
Percent of People with Each Score
Percentile by Number Answered
Your Score History
You have not taken this quiz